000 01178nam a22003497a 4500
003 CHAP
005 20220329134929.0
008 971013s1983 r 00010 d
010 _a28234
011 _a29206
035 _a33317
040 _cCHAP
090 _aTesis
100 0 0 _aLanderos Sánchez, Cesáreo.
_964689
245 _aPredicción de fechas y láminas de riego mediante computadoras
260 _aChapingo, Méx. :
_bEl autor,
_c1983
300 _a119 h.
_b: gráfs.
502 _aTesis (Ing. Agr. Esp. en Irrigación) -- UACH. Departamento de Irrigación
590 _aALEPH
_b10
_c20130110
_lUCH01
_h1249
590 _aBATCH-UPD
_b10
_c20130110
_lUCH01
_h0121
590 _aBATCH-UPD
_b10
_c20130110
_lUCH01
_h1108
590 _aBATCH-UPD
_b10
_c20130409
_lUCH01
_h2114
590 _aBATCH-UPD
_b10
_c20130410
_lUCH01
_h0659
590 _aBATCH-UPD
_b10
_c20130914
_lUCH01
_h1655
590 _aCONVERSION
_b10
_c20130109
_lUCH01
_h1316
650 1 4 _aIrrigación.
_960366
650 1 4 _aProcesamiento automático de datos en irrigación.
_991796
650 1 4 _aSuelos
_xHumedad.
_9110391
901 _aBK
942 _cTESIS
949 _bBC
_cTES
_d-77481
_eTS1
_i33317
_si
999 _c28234
_d28234